000 01641nam a2200313Ia 4500
001 H2676
003 IT-RoPAU
008 130308s9999 xx 000 0 und d
040 _aIT-RoPAU
040 _cIT-RoPAU
041 _aITALIANO
100 _aMickovic Aleksandar
100 _gCodice Aut. SPICS: 57086
245 _aEnciclopedia della fantascienza in tv-1-Dalle origini agli anni '60
245 _bEnciclopedia della Fantascienza in Tv-1-Dalle Origini Agli Anni '60
250 _a1a ed.
260 _aROMA
260 _bFanucci
260 _c2002 [1° Ed.:2002 - Ed.Ling.Originale:2002]
300 _a"320 p. (prefazione: no ; testo: 320 [pagine: 0-0])"
500 _aLa Televisione è Entrata a far parte della nostra Quotidianità Come Mezzo, D'Informazione, Educazione o Semplice Intrattenimento. Uno dei Modi con Cui Il Piccolo schermo è in grado di Catturare la nostra Attenzione è Lo Spettacolo Seriale: Personaggi e Situazioni Ricorrenti che Impariamo Ad Amare Episodio Dopo Episodio. Diffusione dell'immaginario fantascientifico nella Produzione Seriale. Opere di Fantascienza Sono Comparse Nei palinsesti Sin Dagli Esordi della Tv. Questa Enciclopedia si Propone Come Guida Alla Produzione Mondiale di Fantascienza Televisiva, Coprendo Tutte le Serie Realizzate Fin Dalle Origini della Tv: Serie, Miniserie e Sceneggiati. Guida Alla Consultazione. Glossario. Bibliografia.
650 _aGENERI TELEVISIVI
650 _eCodice materia Spics: 6960
700 _aRossi MarcelloVianello Nicola
700 _gCodice Aut. SPICS: 57087Codice Aut. SPICS: 57088
942 _cBK
957 _71
999 _c94075
_d94075
999 _g1